Statistiques concernant Les plus grandes villes du Mexique

Cliquez ici pour prendre le quiz!

Statistiques générales

  • Ce quiz a été pris 477 fois
    (429 depuis la dernière actualisation)
  • Le résultat moyen est 4 sur 9

Statistiques - réponses

PopulationVilles% Correct
8.463.906Mexico
100%
1.600.894Guadalajara
79%
1.133.070Monterrey
67%
1.286.187Tijuana
62%
1.399.519Puebla
42%
1.301.452Juárez
24%
1.137.465León
23%
1.687.549Ecatepec
9%
1.136.300Nezahualcóyotl
5%

Distribution des résultats

Percentile par nombre de réponses

% des personnes avec chaque résultat

Votre développement - résultats

Vous n’avez pas pris ce quiz depuis la dernière actualisation